| 000 | 00777nam a2200277 i 4500 | ||
|---|---|---|---|
| 001 | bgj | ||
| 100 | 1 |
_aSHAKESPEARE, William _d(1564-1616). |
|
| 245 | 1 | 0 |
_aThe Tempest / _cWilliam Shakespeare ; edited by Northrop Frye. |
| 260 |
_aNew York : _bPenguin Books, _c1978. |
||
| 300 |
_a108 pp ; _c18 cm. |
||
| 490 | 1 | _aThe Pelican Skaespeare | |
| 650 | 9 | _aSurvival after airplane accidents, shipwrecks, etc. | |
| 650 | 9 | _aFathers and daughters | |
| 650 | 9 | _aCastaways | |
| 650 | 9 | _aMagicians | |
| 650 | 9 | _aTragicomedy | |
| 655 | _aDrama | ||
| 700 | 1 |
_aFRYE, Nothrop. _eeditor |
|
| 830 | _aThe Pelican Skaespeare | ||
| 020 | _a0140714154 | ||
| 040 | _cBPK | ||
| 041 | 0 | _aeng | |
| 920 | _a0-14-071415-4 | ||
| 942 | _cKS | ||
| 008 | s uk f |000 0 eng | ||
| 999 |
_c48823 _d48823 |
||
| 856 |
_uhttp://koha.tu.koszalin.pl/cgi-bin/koha/opac-detail.pl?biblionumber=48823 _yKatalog online BPK |
||